Isten és világ.
Elmentve itt :
| Szerző: | |
|---|---|
| Adatforrás: | Philobibl |
| Forrásdokumentuma: | Magyar Philosophiai Szemle /10. évf 1891., 295-303. p. |
| Dokumentumtípus: | Cikk |
| Nyelv: | magyar |
| LEADER | 00299nab a2200097 c 4500 | ||
|---|---|---|---|
| 001 | bibDOK00011272 | ||
| 005 | 20200924120651.1 | ||
| 008 | 060518s1891 hu hun | ||
| 100 | 1 | |a Prohászka Ottokár | |
| 245 | 1 | 0 | |a Isten és világ. |c Prohászka Ottokár |
| 773 | 0 | |t Magyar Philosophiai Szemle /10. évf |g 1891., 295-303. p. | |